| 000 | 00672nam a22002055i 4500 | ||
|---|---|---|---|
| 001 | 169514 | ||
| 003 | ES-MaACL | ||
| 005 | 20250728041422.0 | ||
| 008 | 081008s1900 gw |||| | fre d | ||
| 080 | _a681.7 | ||
| 245 | 0 | 0 | _aCatalogue spécial d'appareils pour la projection et la microphotographie. |
| 250 | _a4eme. ed. | ||
| 260 |
_aJena : _b[s.n.], _c1900 ( _fImp. Bernhard Vopelius) |
||
| 300 |
_a50, [6] p. : _bil. ; _c27 cm. |
||
| 594 | _aPrecede al tít.: Carl Zeiss, optische wekstaette. | ||
| 650 | 4 |
_aFotografía- _xMaterial y equipo _912958 |
|
| 700 | 1 |
_aZeiss, Carl ( _d1816-1888) _9174744 |
|
| 852 | 4 |
_aES-MaACL _jT-1103-F-18 |
|
| 999 |
_c169514 _d169514 |
||